000 01124nam a2200313 a 4500
001 57657
003 BD-RjUL
005 20211209080535.0
008 111216s2010 bg b 000 0 eng
020 _a9789848946022
035 _a(BD-RjUL) 57781
040 _aDLC
_cDLC
_dDLC
_dBD-RjUL
_beng
041 _aeng
082 _223
_a305.5633095492
_bSAE 2010
100 1 _aSaha, Bimal Kumar.
_9171213
245 1 0 _aEradicating rural poverty in Bangladesh :
_bstrategy for empowerment /
_cBimal Kumar Saha and Nasreen Khundker.
260 _aDhaka :
_bCentre for Policy Dialogue,
_cc2010.
300 _axv, 110 p. ;
_c24 cm.
490 0 _aCPD-SACEPS monograph series ;
_v6
500 _a"South Asia Centre for Policy Studies."
504 _aIncludes bibliographical references.
650 0 _aRural poor
_zBangladesh.
_9170655
650 0 _aRural development
_zBangladesh.
_9170850
700 1 _aKhundker, Nasreen.
_9171214
710 2 _aCentre for Policy Dialogue (Bangladesh)
_9171215
710 2 _aSouth Asia Centre for Policy Studies.
_9171216
830 _aCPD-SACEPS monograph series ;
_v6
_9171218
942 _2ddc
_cBK
999 _c57657
_d57657